| 000 | 00344nam a22001457a 4500 | ||
|---|---|---|---|
| 020 | _a81-259-0480-8 | ||
| 082 |
_a920 _bLAP/F |
||
| 100 | _aLAPIERRE,DOMINIQUE | ||
| 100 | _aCOLLINS,LARRY | ||
| 245 | _aFREEDOM AT MIDNIGHT | ||
| 260 |
_aNEW DELHI _bVIKAS PUBLISHING HOUSE |
||
| 300 | _a629 | ||
| 650 |
_aHISTORY OF INDIA _zNEW DELHI |
||
| 942 | _cBK | ||
| 999 |
_c5631 _d5631 |
||